| 000 | 00772 a2200205 4500 | ||
|---|---|---|---|
| 020 | _a0471310689 | ||
| 040 | _aDLC | ||
| 082 | 0 | 0 | _a340.03 |
| 100 | 1 | _aKay, Joe. | |
| 245 | 1 | 4 |
_aThe legal dictionary for bad spellers _cJoseph Krevisky and Jordan L. Linfield. |
| 260 |
_aNew York : _bJ. Wiley & Sons, Inc., _cc1995. |
||
| 300 |
_aix, 246 p. ; _c21 cm. |
||
| 500 | _a"An Innovation Press book." | ||
| 650 | 0 |
_aLaw _xDictionaries. |
|
| 650 | 0 |
_aEnglish language _xOrthography and spelling _xDictionaries. |
|
| 700 | 1 | _aLinfield, Jordan L. | |
| 856 | 4 | 2 |
_3Contributor biographical information _uhttp://www.loc.gov/catdir/bios/wiley044/95182785.html |
| 856 | 4 | 2 |
_3Publisher description _uhttp://www.loc.gov/catdir/description/wiley037/95182785.html |
| 942 |
_cBK _k340.03 KRE _2ddc |
||
| 999 |
_c4818 _d4818 |
||